[Event "GER-ch U18 Girls"]
[Site "Willingen"]
[Date "2023.06.03"]
[Round "9"]
[White "Groeschel, Karoline"]
[Black "Reuter, Elisa"]
[Result "1/2-1/2"]
[WhiteElo "1892"]
[BlackElo "1944"]
[PlyCount "128"]
[EventDate "2023.05.27"]
[EventType "swiss"]
[EventRounds "9"]
[EventCountry "GER"]
[SourceTitle "CBM 214 Extra"]
[Source "ChessBase"]
[SourceDate "2023.07.31"]
[SourceVersion "1"]
[SourceVersionDate "2023.07.31"]
[SourceQuality "1"]

1. e4 c5 2. Nf3 Nc6 3. Bb5 g6 4. Bxc6 dxc6 5. d3 Bg7 6. h3 e5 7. 0-0 Qe7 8. a4 Nf6 9. a5 0-0 10. Nc3 Rb8 11. Nh2 Ne8 12. f4 f6 13. f5 Nd6 14. fxg6 hxg6 15. Be3 b6 16. Qd2 Be6 17. Bh6 Bxh6 18. Qxh6 Qg7 19. Qe3 Rb7 20. Nf3 Qh7 21. Qf2 Qg7 22. axb6 axb6 23. Ra6 Rfb8 24. Nh4 Rf7 25. Qg3 g5 26. Nf3 Bc8 27. Raa1 Be6 28. Rf2 Rbf8 29. Raf1 g4 30. hxg4 Qxg4 31. Qxg4+ Bxg4 32. Na4 Nc8 33. Nh4 Kg7 34. Nf5+ Bxf5 35. Rxf5 Rh8 36. g4 Rh4 37. g5 Rg4+ 38. Kh2 Rxg5 39. Rxg5+ fxg5 40. Rxf7+ Kxf7 41. Kg3 Ke6 42. Kg4 Kd6 43. Kxg5 b5 44. Nc3 Ke6 45. Ne2 Nb6 46. b3 Nd7 47. Ng3 Nb8 48. Nf5 Nd7 49. Kg6 Nf8+ 50. Kg7 Nd7 51. Nh6 c4 52. bxc4 bxc4 53. Ng4 cxd3 54. cxd3 Nc5 55. Nf2 Nd7 56. Kg6 Nf8+ 57. Kg5 Nd7 58. Kg4 Nb6 59. Kf3 c5 60. Ke3 c4 61. d4 exd4+ 62. Kxd4 Nd7 63. Kxc4 Nf6 64. e5 Kxe5 1/2-1/2

[Event "BL 2223 (Women)"]
[Site "Germany"]
[Date "2023.02.18"]
[Round "5.2"]
[White "Reuter, Elisa"]
[Black "Khrapko, Marharyta"]
[Result "1-0"]
[WhiteElo "1924"]
[BlackElo "2128"]
[PlyCount "161"]
[EventDate "2022.10.15"]
[EventType "team-tourn"]
[EventRounds "11"]
[EventCountry "GER"]
[SourceTitle "CBM 213 Extra"]
[Source "ChessBase"]
[SourceDate "2023.05.31"]
[SourceVersion "1"]
[SourceVersionDate "2023.05.31"]
[SourceQuality "1"]
[WhiteTeam "Erfurt Medizin (W)"]
[BlackTeam "Bayern Muenchen (W)"]
[WhiteTeamCountry "GER"]
[BlackTeamCountry "GER"]

1. e4 c5 2. Nf3 Nc6 3. d4 cxd4 4. Nxd4 e5 5. Nb5 d6 6. c4 Be6 7. N1c3 a6 8. Na3 g6 9. Nd5 Bg7 10. Bd3 h6 11. Nc2 Nge7 12. Be3 0-0 13. 0-0 Kh7 14. Qd2 Rc8 15. Be2 f5 16. f3 Nb8 17. Ncb4 Nd7 18. Rad1 f4 19. Bf2 Bxd5 20. Nxd5 Nc6 21. Nb4 Nd4 22. Nc2 Nxc2 23. Qxc2 Rc6 24. b4 b5 25. c5 dxc5 26. Qd2 Rc7 27. Bxc5 Rf6 28. Bd6 Rb7 29. Bxe5 Rc6 30. Bxg7 Kxg7 31. Qxf4 Rc2 32. Qe3 Rxa2 33. Rd2 Rxd2 34. Qxd2 Qb6+ 35. Kh1 Rc7 36. f4 Nf6 37. Bf3 Rd7 38. Qe2 Qd4 39. e5 Ne8 40. Rd1 Qa7 41. Rxd7+ Qxd7 42. Qe4 Nc7 43. Qc6 Qxc6 44. Bxc6 Kf7 45. Kg1 Ke6 46. Kf2 g5 47. g3 h5 48. h4 gxf4 49. gxf4 a5 50. bxa5 b4 51. Ba4 Na6 52. Bb3+ Kf5 53. Bc4 Nc5 54. a6 b3 55. Bxb3 Nxa6 56. Kf3 Nc5 57. Bc2+ Ke6 58. Bg6 Nd7 59. Bxh5 Nxe5+ 60. Ke4 Nc6 61. Be8 Ne7 62. h5 Ng8 63. Bg6 Kf6 64. Kd5 Nh6 65. Kd6 Ng4 66. Kd7 Nh6 67. Ke8 Kg7 68. Ke7 Ng8+ 69. Ke6 Nh6 70. Bf5 Ng8 71. Bg4 Nh6 72. Bh3 Nf7 73. Ke7 Nh8 74. Be6 Kh6 75. Bf7 Kg7 76. Bg6 Kg8 77. Be8 Kg7 78. f5 Kh6 79. Kf8 Kh7 80. Bg6+ Kh6 81. Kg8 1-0

[Event "BL 2223 (Women)"]
[Site "Germany"]
[Date "2022.11.13"]
[Round "4.2"]
[White "Reuter, Elisa"]
[Black "Stefanova, Antoaneta"]
[Result "0-1"]
[WhiteElo "1924"]
[BlackElo "2440"]
[PlyCount "132"]
[EventDate "2022.10.15"]
[EventType "team-tourn"]
[EventRounds "11"]
[EventCountry "GER"]
[SourceTitle "EXT 2024"]
[Source "ChessBase"]
[SourceDate "2023.10.10"]
[SourceVersion "1"]
[SourceVersionDate "2023.10.10"]
[SourceQuality "1"]
[WhiteTeam "Erfurt Medizin (W)"]
[BlackTeam "Baden-Baden (W)"]
[WhiteTeamCountry "GER"]
[BlackTeamCountry "GER"]

1. e4 e5 2. Nf3 Nc6 3. Bc4 Bc5 4. c3 Nf6 5. d3 d6 6. Nbd2 a6 7. Bb3 Ba7 8. Nf1 Ne7 9. Ng3 h6 10. d4 Ng6 11. 0-0 0-0 12. h3 Nh7 13. dxe5 dxe5 14. Qxd8 Rxd8 15. Nf5 Nf6 16. Re1 Kf8 17. Ng3 Nd7 18. h4 f6 19. h5 Ne7 20. Be3 Bxe3 21. Rxe3 Nc5 22. Bc2 a5 23. Re2 Bg4 24. Ree1 Nd3 25. Bxd3 Rxd3 26. Nh2 Be6 27. Nhf1 a4 28. a3 Rad8 29. f3 Nc6 30. Kf2 Na5 31. Ne3 Rd2+ 32. Re2 Nc4 33. Rb1 Nxe3 34. Kxe3 R8d3+ 35. Kf2 Bc4 36. Rxd2 Rxd2+ 37. Kg1 Ba2 38. Ra1 Rxb2 39. Rd1 Rb1 40. Rxb1 Bxb1 41. Kf2 Ba2 42. Nf5 Be6 43. Ne3 b5 44. Ke2 c5 45. Kd2 Ke7 46. Kc2 Kd7 47. Kb2 Kc6 48. Kc2 Kb6 49. Kb2 Ka5 50. Nc2 Bf7 51. Ne3 Be6 52. Nc2 f5 53. exf5 Bxf5 54. Ne3 Be6 55. Nc2 Kb6 56. Ne3 Kc6 57. Nf1 Bf7 58. Ng3 Kd5 59. Kc2 Bg8 60. Kb2 Bh7 61. Nf1 e4 62. Ne3+ Ke5 63. fxe4 Kxe4 64. Nf1 Kd3 65. Nh2 Be4 66. g3 Bd5 0-1

[Event "BL 2223 (Women)"]
[Site "Germany"]
[Date "2022.11.12"]
[Round "3.2"]
[White "Schleining, Zoya"]
[Black "Reuter, Elisa"]
[Result "1-0"]
[WhiteElo "2343"]
[BlackElo "1924"]
[PlyCount "151"]
[EventDate "2022.10.15"]
[EventType "team-tourn"]
[EventRounds "11"]
[EventCountry "GER"]
[SourceTitle "EXT 2024"]
[Source "ChessBase"]
[SourceDate "2023.10.10"]
[SourceVersion "1"]
[SourceVersionDate "2023.10.10"]
[SourceQuality "1"]
[WhiteTeam "Deizisau (W)"]
[BlackTeam "Erfurt Medizin (W)"]
[WhiteTeamCountry "GER"]
[BlackTeamCountry "GER"]

1. e4 c5 2. Nf3 Nc6 3. Bb5 g6 4. 0-0 Bg7 5. d3 e5 6. Nc3 Nge7 7. a3 0-0 8. b4 d6 9. bxc5 dxc5 10. Bc4 h6 11. Re1 b6 12. Nd5 Be6 13. Nxe7+ Qxe7 14. Bd5 Rac8 15. c4 Bg4 16. h3 Bxf3 17. Qxf3 Nd4 18. Qd1 Ne6 19. Ra2 Rcd8 20. Be3 Kh7 21. Kh1 Nf4 22. a4 Rd7 23. Ra3 Rc7 24. Qf3 Ne6 25. a5 Nd4 26. Bxd4 cxd4 27. axb6 axb6 28. Rb3 Rb8 29. Reb1 Qf6 30. Qxf6 Bxf6 31. Rxb6 Rxb6 32. Rxb6 Bg7 33. h4 Bf8 34. g3 Kg7 35. Kg2 Bc5 36. Rb5 Bd6 37. Rb6 Bc5 38. Rb8 Bd6 39. Rd8 Be7 40. Ra8 Bb4 41. f4 exf4 42. gxf4 Be7 43. Kg3 h5 44. e5 Bc5 45. Kf3 Ba7 46. Ke4 f5+ 47. Kf3 Bc5 48. Kg3 Bf8 49. Ra6 Be7 50. Bc6 Rc8 51. Ra7 Kf8 52. Bb5 Bc5 53. Rh7 Kg8 54. Rd7 Kf8 55. Kf3 Kg8 56. Ke2 Kf8 57. Kd1 Kg8 58. Kc2 Kf8 59. Kb3 Kg8 60. Rb7 Kf8 61. Kb2 Be7 62. e6 Rd8 63. Kb3 Rc8 64. Rd7 Bc5 65. Rf7+ Kg8 66. Rb7 Kf8 67. Bd7 Ra8 68. Ba4 Rc8 69. Bb5 Be7 70. Ra7 Bc5 71. Rd7 Rb8 72. Rf7+ Kg8 73. Rc7 Bd6 74. Rd7 Bc5 75. e7 Re8 76. Rd8 1-0

[Event "BL2 Ost 2122 (Women)"]
[Site "Germany"]
[Date "2021.11.28"]
[Round "2.4"]
[White "Reuter, Elisa"]
[Black "Leuchsenring, Christina"]
[Result "1-0"]
[WhiteElo "1837"]
[BlackElo "1899"]
[PlyCount "109"]
[EventDate "2021.11.27"]
[EventType "team-tourn"]
[EventRounds "7"]
[EventCountry "GER"]
[SourceTitle "EXT 2023"]
[Source "ChessBase"]
[SourceDate "2022.10.05"]
[SourceVersion "1"]
[SourceVersionDate "2022.10.05"]
[SourceQuality "1"]
[WhiteTeam "Medizin Erfurt (W)"]
[BlackTeam "Bavaria Regensburg (W)"]
[WhiteTeamCountry "GER"]
[BlackTeamCountry "GER"]

1. e4 d6 2. d4 Nf6 3. Nc3 g6 4. Nf3 Bg7 5. Be3 0-0 6. Qd2 e5 7. dxe5 dxe5 8. 0-0-0 Qxd2+ 9. Rxd2 c6 10. a4 Nbd7 11. h3 h6 12. Bc4 Re8 13. Rhd1 Bf8 14. Ne1 Nc5 15. f3 Be6 16. Bxe6 Nxe6 17. Nd3 Nc7 18. Ne2 Na6 19. c3 b6 20. Kc2 Kg7 21. Nec1 Nd7 22. b4 Nc7 23. Nf2 Nf6 24. Ng4 Nxg4 25. hxg4 Ne6 26. Nd3 f6 27. Nb2 Red8 28. Rd7+ Kg8 29. Rxd8 Rxd8 30. Rxd8 Nxd8 31. Nd3 Ne6 32. a5 c5 33. axb6 axb6 34. bxc5 bxc5 35. Kb3 Kf7 36. Kc4 Ke7 37. Nxc5 Nc7 38. Nd3 Kd7 39. Bb6 Ne6 40. Nc5+ Bxc5 41. Bxc5 h5 42. gxh5 gxh5 43. Be3 Kc6 44. Kb4 Ng7 45. c4 Ne8 46. Bf2 Nc7 47. Bh4 Ne8 48. c5 Kd7 49. Kb5 Kc7 50. c6 Nd6+ 51. Kc5 Ne8 52. Kd5 Kc8 53. Ke6 Kc7 54. Bxf6 Kxc6 55. Bxe5 1-0

[Event "GER-ch U16 Girls"]
[Site "Willingen"]
[Date "2020.10.21"]
[Round "3"]
[White "Reuter, Elisa"]
[Black "Schnabel, Luise"]
[Result "1-0"]
[WhiteElo "1860"]
[BlackElo "1867"]
[PlyCount "61"]
[EventDate "2020.10.19"]
[EventType "swiss"]
[EventRounds "7"]
[EventCountry "GER"]
[SourceTitle "EXT 2022"]
[Source "ChessBase"]
[SourceDate "2021.10.06"]
[SourceVersion "1"]
[SourceVersionDate "2021.10.06"]
[SourceQuality "1"]

1. e4 Nf6 2. e5 Nd5 3. d4 d6 4. exd6 cxd6 5. c4 Nb6 6. Nc3 g6 7. Be3 Bg7 8. Rc1 0-0 9. b3 Nc6 10. d5 Ne5 11. Be2 h5 12. h3 e6 13. dxe6 Bxe6 14. Nf3 Rc8 15. 0-0 f5 16. Qd2 Qe7 17. Nb5 Rcd8 18. Nxa7 Nbd7 19. Nb5 Nc5 20. Bg5 Bf6 21. Bxf6 Rxf6 22. Nc3 Rff8 23. Nd4 Bf7 24. f4 Nc6 25. Bf3 Qd7 26. Nd5 Bxd5 27. Bxd5+ Kh7 28. Nf3 Ne7 29. Ng5+ Kg7 30. b4 Nxd5 31. Qxd5 1-0

[Event "GER-ch op (Women) 20th"]
[Site "Erlangen"]
[Date "2020.10.02"]
[Round "2"]
[White "Albayrak, Aylin"]
[Black "Reuter, Elisa"]
[Result "1/2-1/2"]
[WhiteElo "1735"]
[BlackElo "1860"]
[PlyCount "93"]
[EventDate "2020.10.01"]
[EventType "swiss"]
[EventRounds "7"]
[EventCountry "GER"]
[SourceTitle "EXT 2022"]
[Source "ChessBase"]
[SourceDate "2021.10.06"]
[SourceVersion "1"]
[SourceVersionDate "2021.10.06"]
[SourceQuality "1"]

1. d4 Nf6 2. c4 g6 3. Nc3 d5 4. cxd5 Nxd5 5. Bd2 Bg7 6. Nf3 0-0 7. e4 Nxc3 8. Bxc3 Nd7 9. Qb3 b6 10. Bd3 Bb7 11. 0-0 e6 12. Rfe1 a5 13. Rad1 c6 14. a4 Qc7 15. Bc4 Rac8 16. Ng5 h6 17. Nf3 Rfd8 18. Nh4 Kh7 19. Qc2 Bf6 20. Nf3 Bg7 21. Re3 Re8 22. Nh4 c5 23. d5 exd5 24. Bxd5 Bxd5 25. Rxd5 Nf6 26. Rd1 Qe7 27. Rde1 Kg8 28. Nf3 Ng4 29. R3e2 Ne5 30. Nd2 Nc6 31. Bxg7 Kxg7 32. Qc3+ Kg8 33. Nc4 Rb8 34. e5 Nd4 35. Re4 Rf8 36. Qh3 Kg7 37. Rh4 Rh8 38. Nd6 Rbd8 39. Nc4 Nf5 40. Rhe4 Qe6 41. Qb3 Rb8 42. Qc3 Rhd8 43. g4 Nd4 44. Nd6 Kg8 45. Rf4 Rf8 46. Rf6 Qxg4+ 47. Kf1 1/2-1/2

[Event "BL 1920 (Women)"]
[Site "Germany"]
[Date "2020.02.16"]
[Round "8.3"]
[White "Reuter, Elisa"]
[Black "Mkrtchian, Lilit"]
[Result "0-1"]
[WhiteElo "1862"]
[BlackElo "2408"]
[PlyCount "84"]
[EventDate "2019.09.14"]
[EventType "team-tourn"]
[EventRounds "11"]
[EventCountry "GER"]
[SourceTitle "CBM 195 Extra"]
[Source "ChessBase"]
[SourceDate "2020.05.31"]
[SourceVersion "1"]
[SourceVersionDate "2020.05.31"]
[SourceQuality "1"]
[WhiteTeam "Erfurt Medizin (W)"]
[BlackTeam "Schwaebisch Hall (W)"]
[WhiteTeamCountry "GER"]
[BlackTeamCountry "GER"]

1. e4 e6 2. d4 d5 3. Nc3 Nf6 4. Bg5 Be7 5. e5 Nfd7 6. h4 h6 7. Bxe7 Qxe7 8. Qg4 0-0 9. f4 c5 10. Nf3 Nc6 11. dxc5 Nxc5 12. 0-0-0 f5 13. Qg3 Ne4 14. Nxe4 fxe4 15. Nh2 Qf7 16. Ng4 Qxf4+ 17. Qxf4 Rxf4 18. Be2 Bd7 19. Rh3 Be8 20. Rg3 Kh8 21. c3 h5 22. Ne3 Nxe5 23. Rg5 Nf7 24. Rg6 Nd8 25. Rg5 Rxh4 26. Rf1 Kg8 27. Kd2 Nf7 28. Rg6 Nd8 29. Rg5 g6 30. g4 hxg4 31. Nxg4 Kg7 32. Ne5 Nc6 33. Nxc6 bxc6 34. Rfg1 Kf6 35. R5g2 e5 36. Rf1+ Rf4 37. Ke3 Rxf1 38. Bxf1 Bd7 39. Rf2+ Bf5 40. Ba6 c5 41. Bb7 d4+ 42. Ke2 Rb8 0-1

[Event "BL 1920 (Women)"]
[Site "Germany"]
[Date "2019.09.14"]
[Round "1.3"]
[White "Reuter, Elisa"]
[Black "Utiatskaja, Irina"]
[Result "0-1"]
[WhiteElo "1862"]
[BlackElo "2154"]
[PlyCount "66"]
[EventDate "2019.09.14"]
[EventType "team-tourn"]
[EventRounds "11"]
[EventCountry "GER"]
[SourceTitle "EXT 2020"]
[Source "ChessBase"]
[SourceDate "2019.10.17"]
[SourceVersion "1"]
[SourceVersionDate "2019.10.17"]
[SourceQuality "1"]
[WhiteTeam "Erfurt Medizin (W)"]
[BlackTeam "Harksheide (W)"]
[WhiteTeamCountry "GER"]
[BlackTeamCountry "GER"]

1. e4 c5 2. Nf3 d6 3. d4 cxd4 4. Nxd4 Nf6 5. Nc3 a6 6. Be2 e6 7. 0-0 Nbd7 8. f4 b5 9. Bf3 Bb7 10. a3 Qc7 11. Qe1 h5 12. Kh1 Be7 13. Be3 g6 14. Rd1 e5 15. Nde2 Nc5 16. fxe5 dxe5 17. Bxc5 Qxc5 18. Nc1 0-0 19. Nd3 Qc7 20. Qg3 Bxa3 21. Qe1 Bc5 22. Nb1 Bb6 23. c3 Rad8 24. Qh4 Rd6 25. Nb4 Rfd8 26. Rxd6 Rxd6 27. Nc2 Qc4 28. Re1 Kg7 29. Nba3 Qe6 30. h3 Rd2 31. Qg5 Rd3 32. Nb4 Rxf3 33. gxf3 Qxh3# 0-1